| Record ID | marc_records_scriblio_net/part28.dat:160704346:690 |
| Source | Scriblio |
| Download Link | /show-records/marc_records_scriblio_net/part28.dat:160704346:690?format=raw |
LEADER: 00690cam 22002291 4500
001 a 58002215
003 DLC
005 20050827203546.0
008 840703s1956 is 000 0 heb
010 $aa 58002215
035 $a(OCoLC)19154311
040 $aDLC$cMH$dDLC
042 $apremarc
050 00 $aPJ5033.9$b.K7
100 1 $aKranz, Jacob ben Wolf,$d1740?-1804.
245 10 $aMeshalim ṿe-gam sipurim :$bla-noʻar ule-khol bet Yiśraʼel... /$cʻarukhim...ʻal yede Eliʻezer Shṭainman.
260 $a[Tel Aviv] :$bKeneset,$c[1956 or 1957]
300 $a317 p. ;$c25 cm.
650 0 $aParables.
650 0 $aTales.
700 1 $aSteinman, Eliezer,$d1892-1970.$eed.
752 $aIsrael$dTel Aviv